000 00657nam a2200217Ia 4500
003 OSt
005 20250328154630.0
008 220923b |||||||| |||| 00| 0 eng d
020 _a9780631213291
037 _cGeneral Book
040 _aRTL
_cRTL
_beng
041 _2eng
_aeng
100 _aPATTERSON Dennis
_9295790
245 0 _aCompanion to philosophy of law and legal theory.
260 _aMalden
_bBlackwell Publishing
_c1996
300 _axii,602p.
_ccm.
500 _aGlossary: p 841-53
650 _aSociology
942 _hR:(Z), N6/NTI
_cGB
_2CC
_n0
999 _c588966
_d588966